Fiškálna a monetárna expanzia v teóriách ekonomického cyklu

Charakteristika rôznych názorov na možnosti uplatňovania fiškálnej a monetárnej expanzie. Odlišné prístupy keynesovskej ekonomickej teórie na jednej strane a monetarizmu, novej klasickej makroekonómie a rakúskej školy na druhej strane.

Gespeichert in:
Bibliographische Detailangaben
1. Verfasser: Lisý, Ján
Format: Buchkapitel
Sprache:Slowakisch
Schlagworte:
Tags: Tag hinzufügen
Keine Tags, Fügen Sie das erste Tag hinzu!

MARC

LEADER 00000nla a2200000 4500
001 0174086
005 20240502072952.0
041 0 |a slo 
044 |a SK 
245 1 0 |a Fiškálna a monetárna expanzia v teóriách ekonomického cyklu  |c Ján Lisý 
520 |a Charakteristika rôznych názorov na možnosti uplatňovania fiškálnej a monetárnej expanzie. Odlišné prístupy keynesovskej ekonomickej teórie na jednej strane a monetarizmu, novej klasickej makroekonómie a rakúskej školy na druhej strane. 
610 2 0 |a dejiny teórií ekonomických 
610 2 0 |a dejiny myslenia ekonomického 
610 2 0 |a cykly hospodárske 
610 2 0 |a monetarizmus 
610 2 0 |a keynesizmus 
610 2 0 |a ekonómovia 
100 1 |a Lisý, Ján